Facultad de Derecho – Universidad Nacional de Mar del Plata

Nuevo manual de derecho cambiario 2 (Record no. 2397)

MARC details
000 -LEADER
fixed length control field 00945cam a22003257a 4500
001 - CONTROL NUMBER
control field 002407
003 - CONTROL NUMBER IDENTIFIER
control field armpunfd
005 - DATE AND TIME OF LATEST TRANSACTION
control field 20140612090707.0
008 - FIXED-LENGTH DATA ELEMENTS--GENERAL INFORMATION
fixed length control field 110419e0####xx#a##########000#0#und#d
040 ## - CATALOGING SOURCE
Original cataloging agency armpunfd
Transcribing agency armpunfd
080 ## - UNIVERSAL DECIMAL CLASSIFICATION NUMBER
Universal Decimal Classification number 347.735 G 586
100 10 - MAIN ENTRY--PERSONAL NAME
Personal name Gomez Leo, Osvaldo
245 10 - TITLE STATEMENT
Title Nuevo manual de derecho cambiario 2
260 ## - PUBLICATION, DISTRIBUTION, ETC. (IMPRINT)
Place of publication, distribution, etc Uenos Aires : Lexisnexis
Name of publisher, distributor, etc 2006. 3ª Ed. Isbn: 987-592-063-0. 675 P.
650 #7 - SUBJECT ADDED ENTRY--TOPICAL TERM
Topical term or geographic name as entry element Aval
Source of heading or term LEMB
650 #7 - SUBJECT ADDED ENTRY--TOPICAL TERM
Topical term or geographic name as entry element Cheque Comun
Source of heading or term LEMB
650 #7 - SUBJECT ADDED ENTRY--TOPICAL TERM
Topical term or geographic name as entry element Cheque Cruzado
Source of heading or term LEMB
650 #7 - SUBJECT ADDED ENTRY--TOPICAL TERM
Topical term or geographic name as entry element Cheque De Pago Diferido
Source of heading or term LEMB
650 #7 - SUBJECT ADDED ENTRY--TOPICAL TERM
Topical term or geographic name as entry element Cheque
Source of heading or term LEMB
650 #7 - SUBJECT ADDED ENTRY--TOPICAL TERM
Topical term or geographic name as entry element Dec
General subdivision Ley 5965/63
Source of heading or term LEMB
650 #7 - SUBJECT ADDED ENTRY--TOPICAL TERM
Topical term or geographic name as entry element Derecho Cambiario
Source of heading or term LEMB
650 #7 - SUBJECT ADDED ENTRY--TOPICAL TERM
Topical term or geographic name as entry element Endoso
Source of heading or term LEMB
650 #7 - SUBJECT ADDED ENTRY--TOPICAL TERM
Topical term or geographic name as entry element Letra De Cambio
Source of heading or term LEMB
650 #7 - SUBJECT ADDED ENTRY--TOPICAL TERM
Topical term or geographic name as entry element Ley 24452
Source of heading or term LEMB
650 #7 - SUBJECT ADDED ENTRY--TOPICAL TERM
Topical term or geographic name as entry element Ley 24760
Source of heading or term LEMB
650 #7 - SUBJECT ADDED ENTRY--TOPICAL TERM
Topical term or geographic name as entry element Pagare
Source of heading or term LEMB
650 #7 - SUBJECT ADDED ENTRY--TOPICAL TERM
Topical term or geographic name as entry element Protestos
Source of heading or term LEMB
942 ## - ADDED ENTRY ELEMENTS (KOHA)
Koha item type LIBRO
Source of classification or shelving scheme
945 ## - LOCAL PROCESSING INFORMATION (OCLC)
a Catalis
d 2010-08-19
Holdings
Withdrawn status Lost status Source of classification or shelving scheme Damaged status Not for loan Home library Current library Shelving location Date acquired Total Checkouts Total Renewals Full call number Barcode Date last seen Date checked out Price effective from Koha item type
          Bib. Derecho Bib. Derecho Sector Prestamo 12/06/2014 31 3 347.735 G 586 202480 06/07/2023 16/06/2023 12/06/2014 LIBRO
          Bib. Derecho Bib. Derecho Sector Prestamo 05/06/2019     347.735 G 586   05/06/2019   05/06/2019 LIBRO

XHTML | CSS | ©Biblioteca Central - Dto. Tecnología de la Información - [ Con tecnología Koha ]